Nazionali che hanno partecipato ai Mondiali - Statistics

Statistiche generali
  • Questo quiz è stato fatto 150 volte
    38 dall'ultimo reset
  • Il punteggio medio è 67 su 84
Statistiche sulle risposte
Continente Nazionale Numero di edizioni Edizioni in cui ha partecipato % Corretto
America del Sud Brasile 23 1930, 1934, 1938, 1950, 1954, 1958, 1962, 1966, 1970, 1974, 1978, 1982, 1986, 1990, 1994, 1998, 2002, 2006, 2010, 2014, 2018, 2022, 2026
100%
Europa Germania 21 1934, 1938, 1954, 1958, 1962, 1966, 1970, 1974, 1978, 1982, 1986, 1990, 1994, 1998, 2002, 2006, 2010, 2014, 2018, 2022, 2026
100%
Europa Germania Est 1 1974
100%
America del Sud Argentina 20 1930, 1934, 1958, 1962, 1966, 1974, 1978, 1982, 1986, 1990, 1994, 1998, 2002, 2006, 2010, 2014, 2018, 2022, 2026, 2030
96%
Europa Spagna 18 1934, 1950, 1962, 1966, 1978, 1982, 1986, 1990, 1994, 1998, 2002, 2006, 2010, 2014, 2018, 2022, 2026, 2030
96%
Europa Francia 17 1930, 1934, 1938, 1954, 1958, 1966, 1978, 1982, 1986, 1998, 2002, 2006, 2010, 2014, 2018, 2022, 2026
92%
Europa Italia 18 1934, 1938, 1950, 1954, 1962, 1966, 1970, 1974, 1978, 1982, 1986, 1990, 1994, 1998, 2002, 2006, 2010, 2014
92%
America del Nord Messico 18 1930, 1950, 1954, 1958, 1962, 1966, 1970, 1978, 1986, 1994, 1998, 2002, 2006, 2010, 2014, 2018, 2022, 2026
92%
Europa Portogallo 10 1966, 1986, 2002, 2006, 2010, 2014, 2018, 2022, 2026, 2030
92%
America del Nord Stati Uniti 12 1930, 1934, 1950, 1990, 1994, 1998, 2002, 2006, 2010, 2014, 2022, 2026
92%
Asia Australia 7 1974, 2006, 2010, 2014, 2018, 2022, 2026
88%
Europa Austria 8 1934, 1954, 1958, 1978, 1982, 1990, 1998, 2026
88%
America del Sud Colombia 7 1962, 1990, 1994, 1998, 2014, 2018, 2026
88%
Europa Croazia 7 1998, 2002, 2006, 2014, 2018, 2022, 2026
88%
Asia Giappone 8 1998, 2002, 2006, 2010, 2014, 2018, 2022, 2026
88%
Europa Grecia 3 1994, 2010, 2014
88%
Africa Marocco 8 1970, 1986, 1994, 1998, 2018, 2022, 2026, 2030
88%
Europa Paesi Bassi 12 1934, 1938, 1974, 1978, 1990, 1994, 1998, 2006, 2010, 2014, 2022, 2026
88%
Europa Romania 7 1930, 1934, 1938, 1970, 1990, 1994, 1998
88%
Europa Russia 11 1958, 1962, 1966, 1970, 1982, 1986, 1990, 1994, 2002, 2014, 2018
88%
Europa Slovacchia 1 2010
88%
Africa Sudafrica 4 1998, 2002, 2010, 2026
88%
America del Sud Uruguay 16 1930, 1950, 1954, 1962, 1966, 1970, 1974, 1986, 1990, 2002, 2010, 2014, 2018, 2022, 2026, 2030
88%
Africa Algeria 5 1982, 1986, 2010, 2014, 2026
84%
Europa Bosnia ed Erzegovina 2 2014, 2026
84%
Europa Bulgaria 7 1962, 1966, 1970, 1974, 1986, 1994, 1998
84%
America del Nord Canada 3 1986, 2022, 2026
84%
Europa Cechia 10 1934, 1938, 1954, 1958, 1962, 1970, 1982, 1990, 2006, 2026
84%
America del Sud Cile 9 1930, 1950, 1962, 1966, 1974, 1982, 1998, 2010, 2014
84%
Asia Cina 1 2002
84%
Asia Corea del Sud 12 1954, 1986, 1990, 1994, 1998, 2002, 2006, 2010, 2014, 2018, 2022, 2026
84%
Africa Egitto 4 1934, 1990, 2018, 2026
84%
Europa Inghilterra 17 1950, 1954, 1958, 1962, 1966, 1970, 1982, 1986, 1990, 1998, 2002, 2006, 2010, 2014, 2018, 2022, 2026
84%
Asia Iran 7 1978, 1998, 2006, 2014, 2018, 2022, 2026
84%
Europa Irlanda 3 1990, 1994, 2002
84%
Oceania Nuova Zelanda 3 1982, 2010, 2026
84%
America del Sud Paraguay 10 1930, 1950, 1958, 1986, 1998, 2002, 2006, 2010, 2026, 2030
84%
Europa Polonia 9 1938, 1974, 1978, 1982, 1986, 2002, 2006, 2018, 2022
84%
Europa Slovenia 2 2002, 2010
84%
Africa Tunisia 7 1978, 1998, 2002, 2006, 2018, 2022, 2026
84%
Europa Turchia 3 1954, 2002, 2026
84%
Europa Ucraina 1 2006
84%
Europa Ungheria 9 1934, 1938, 1954, 1958, 1962, 1966, 1978, 1982, 1986
84%
Asia Arabia Saudita 8 1994, 1998, 2002, 2006, 2018, 2022, 2026, 2034
80%
Europa Belgio 15 1930, 1934, 1938, 1954, 1970, 1982, 1986, 1990, 1994, 1998, 2002, 2014, 2018, 2022, 2026
80%
Africa Costa d'Avorio 4 2006, 2010, 2014, 2026
80%
Asia Iraq 2 1986, 2026
80%
Europa Norvegia 4 1938, 1994, 1998, 2026
80%
Europa Serbia 13 1930, 1950, 1954, 1958, 1962, 1974, 1982, 1990, 1998, 2006, 2010, 2018, 2022
80%
Europa Svezia 13 1934, 1938, 1950, 1958, 1970, 1974, 1978, 1990, 1994, 2002, 2006, 2018, 2026
80%
Europa Svizzera 13 1934, 1938, 1950, 1954, 1962, 1966, 1994, 2006, 2010, 2014, 2018, 2022, 2026
80%
America del Sud Bolivia 3 1930, 1950, 1994
76%
Africa Camerun 8 1982, 1990, 1994, 1998, 2002, 2010, 2014, 2022
76%
Asia Corea del Nord 2 1966, 2010
76%
Europa Danimarca 6 1986, 1998, 2002, 2010, 2018, 2022
76%
America del Sud Ecuador 5 2002, 2006, 2014, 2026
76%
Europa Galles 2 1958, 2022
76%
Africa Ghana 5 2006, 2010, 2014, 2022, 2026
76%
America del Nord Haiti 2 1974, 2026
76%
Africa Nigeria 6 1994, 1998, 2002, 2010, 2014, 2018
76%
America del Sud Perù 5 1930, 1970, 1978, 1982, 2018
76%
Europa Scozia 9 1954, 1958, 1974, 1978, 1982, 1986, 1990, 1998, 2026
76%
America del Nord Costa Rica 6 1990, 2002, 2006, 2014, 2018, 2022
72%
Europa Irlanda del Nord 3 1958, 1982, 1986
72%
Africa RD del Congo 2 1974, 2026
72%
Africa Senegal 4 2002, 2018, 2022, 2026
72%
Asia Uzbekistan 1 2026
72%
Africa Capo Verde 1 2026
68%
America del Nord Cuba 1 1938
68%
Asia Giordania 1 2026
68%
America del Nord Honduras 3 1982, 2010, 2014
68%
Europa Islanda 1 2018
68%
Asia Israele 1 1970
68%
America del Nord Panama 2 2018, 2026
68%
Asia Emirati Arabi Uniti 1 1990
64%
America del Nord Giamaica 1 1998
64%
Oceania Indonesia 1 1938
64%
Asia Qatar 2 2022, 2026
64%
America del Nord El Salvador 2 1970, 1982
60%
America del Nord Trinidad e Tobago 1 2006
60%
Africa Angola 1 2006
56%
America del Nord Curaçao 1 2026
52%
Africa Togo 1 2006
52%
Asia Kuwait 1 1982
40%
Nessun quiz corrispondente trovato
Distribuzione punteggi
Percentuale di utenti per punteggio
Percentile per numero di risposta
I tuoi punteggi nel tempo
Non hai fatto questo quiz dall'ultimo reset